|
|
|
|
| LEADER |
01084nam a22002894a 4500 |
| 001 |
5286 |
| 003 |
BD-DhAAL |
| 005 |
20150602155504.0 |
| 008 |
150602s2003 enk b 001 0 eng |
| 010 |
|
|
|a 2002192556
|
| 020 |
|
|
|a 0199257019
|
| 040 |
|
|
|a DLC
|c DLC
|d DLC
|d BD-DhAAL
|
| 050 |
0 |
0 |
|a HB501
|b .M512 2003
|
| 082 |
0 |
0 |
|a 174
|2 21
|
| 245 |
0 |
0 |
|a Making globalization good :
|b the moral challenges of global capitalism /
|c edited by John H. Dunning.
|
| 260 |
|
|
|a Oxford ;
|a New York :
|b Oxford University Press,
|c 2003.
|
| 300 |
|
|
|a xii, 385 p. :
|c 24 cm.
|
| 504 |
|
|
|a Includes bibliographical references and index.
|
| 541 |
|
|
|e 5286
|
| 650 |
|
0 |
|a Capitalism
|x Moral and ethical aspects.
|9 11641
|
| 650 |
|
0 |
|a Globalization
|x Moral and ethical aspects.
|9 11642
|
| 650 |
|
0 |
|a Economics
|x Moral and ethical aspects.
|9 11643
|
| 650 |
|
0 |
|a Business ethics.
|9 11644
|
| 700 |
1 |
|
|a Dunning, John H.
|9 11645
|
| 942 |
|
|
|2 ddc
|c BK
|
| 999 |
|
|
|c 34597
|d 34597
|
| 952 |
|
|
|0 0
|1 0
|2 ddc
|4 0
|6 174_000000000000000_MAK
|7 0
|9 54030
|a SCL
|b SCL
|c GEN
|d 2015-06-02
|g 806.00
|l 0
|o 174 MAK
|p 3020005286
|r 2015-06-02
|t 1
|w 2015-06-02
|y BK
|